[Event "Montcalm op 1 2012-13"]
[Site "Quebec CAN"]
[Date "2012.10.04"]
[Round "5"]
[White "Beaulieu, Steeve"]
[Black "Ripoll, Arthur"]
[Result "1-0"]
[WhiteElo "1892"]
[BlackElo "1544"]
[PlyCount "115"]
[GameId "2160767909445338"]
[EventDate "2012.09.06"]
[EventType "swiss"]
[EventRounds "5"]
[EventCountry "CAN"]
[SourceTitle "EXT 2022"]
[Source "ChessBase"]
[SourceDate "2021.10.06"]
[SourceVersion "1"]
[SourceVersionDate "2021.10.06"]
[SourceQuality "1"]

1. e4 e5 2. Nf3 Nc6 3. d3 Nf6 4. g3 Bc5 5. Bg2 O-O 6. O-O d6 7. Nbd2 Bg4 8. h3 Be6 9. Qe2 h6 10. c3 Qd7 11. Kh2 b5 12. Nb3 Bb6 13. Be3 Ne7 14. Bxb6 axb6 15. Nfd2 Nh7 16. d4 f6 17. d5 Bf7 18. Rfd1 Ng5 19. f4 Nh7 20. Nf1 Ra4 21. a3 Qe8 22. Ne3 c5 23. c4 exf4 24. gxf4 Bh5 25. Bf3 Bxf3 26. Qxf3 bxc4 27. Nd2 b5 28. Rg1 Qf7 29. Rae1 c3 30. bxc3 Rxa3 31. Qe2 Ra2 32. Rg2 Rb8 33. Reg1 g5 34. Ng4 Qg7 35. Qd1 Ng6 36. Qb1 Ra6 37. Rf2 Kh8 38. fxg5 fxg5 39. c4 b4 40. Nb3 Nf4 41. e5 h5 42. Nf6 Nxf6 43. Qf5 Nh7 44. Rxf4 dxe5 45. Re4 Re8 46. h4 Rf6 47. Qh3 g4 48. Qe3 Qe7 49. Qxc5 Rf2+ 50. Qxf2 Rf8 51. Qe1 Rf3 52. Rxe5 Qc7 53. Rg3 Qf7 54. Re8+ Nf8 55. Qe5+ Kh7 56. Re7 Ng6 57. Rxf7+ Rxf7 58. Qxh5+ 1-0

[Event "Montcalm op 1 2012-13"]
[Site "Quebec CAN"]
[Date "2012.10.04"]
[Round "5"]
[White "Boulianne, Gabriel"]
[Black "Oliver, Vance"]
[Result "1-0"]
[WhiteElo "1770"]
[BlackElo "1547"]
[PlyCount "67"]
[GameId "2160767909445339"]
[EventDate "2012.09.06"]
[EventType "swiss"]
[EventRounds "5"]
[EventCountry "CAN"]
[SourceTitle "EXT 2022"]
[Source "ChessBase"]
[SourceDate "2021.10.06"]
[SourceVersion "1"]
[SourceVersionDate "2021.10.06"]
[SourceQuality "1"]

1. e4 d6 2. d4 Nf6 3. Nc3 g6 4. Nf3 Bg7 5. Be2 c5 6. Be3 cxd4 7. Nxd4 O-O 8. f3 Nc6 9. Qd2 Nxd4 10. Bxd4 Bd7 11. O-O-O Qa5 12. Kb1 Rfc8 13. Nd5 Qxd2 14. Nxf6+ Bxf6 15. Rxd2 Bg5 16. Rdd1 a6 17. h4 Bf4 18. h5 e5 19. Bf2 d5 20. Rxd5 Be6 21. Rd6 Bxa2+ 22. Kxa2 Rxc2 23. hxg6 hxg6 24. Bh4 g5 25. Bd1 Rc1 26. Bf2 b5 27. g3 b4 28. gxf4 b3+ 29. Kxb3 Rb8+ 30. Ka2 a5 31. Be3 Rc4 32. fxg5 a4 33. Rdh6 Rbc8 34. Rh8+ 1-0

[Event "Montcalm op 1 2012-13"]
[Site "Quebec CAN"]
[Date "2012.10.04"]
[Round "5"]
[White "Dube, Daniel"]
[Black "Bourassa, Andre"]
[Result "1-0"]
[WhiteElo "1869"]
[BlackElo "1764"]
[PlyCount "55"]
[GameId "2160767909445340"]
[EventDate "2012.09.06"]
[EventType "swiss"]
[EventRounds "5"]
[EventCountry "CAN"]
[SourceTitle "EXT 2022"]
[Source "ChessBase"]
[SourceDate "2021.10.06"]
[SourceVersion "1"]
[SourceVersionDate "2021.10.06"]
[SourceQuality "1"]

1. e4 c5 2. Nf3 d6 3. d4 cxd4 4. Nxd4 Nf6 5. Nc3 a6 6. Bc4 e6 7. Bb3 Nc6 8. Be3 Na5 9. O-O Nxb3 10. axb3 e5 11. Nde2 Be6 12. Bg5 Be7 13. Qd3 Qc7 14. Bxf6 Bxf6 15. Nb5 Qd7 16. Nxd6+ Ke7 17. Rfd1 Rhd8 18. Qe3 Qc6 19. Nc4 Bxc4 20. bxc4 Qxc4 21. Nc3 Rd4 22. Nd5+ Ke6 23. Qh3+ Kd6 24. Nb6 Qxc2 25. Rxd4+ exd4 26. Qd7+ Ke5 27. Qd5+ Kf4 28. Qf5# 1-0

[Event "Montcalm op 2 2012-13"]
[Site "Quebec CAN"]
[Date "2012.10.11"]
[Round "1"]
[White "Bluteau, Yvon"]
[Black "Boulianne, Gabriel"]
[Result "1-0"]
[WhiteElo "1809"]
[BlackElo "1758"]
[PlyCount "115"]
[GameId "2160767909411852"]
[EventDate "2012.10.11"]
[EventType "swiss"]
[EventRounds "5"]
[EventCountry "CAN"]
[SourceTitle "EXT 2022"]
[Source "ChessBase"]
[SourceDate "2021.10.06"]
[SourceVersion "1"]
[SourceVersionDate "2021.10.06"]
[SourceQuality "1"]

1. Nf3 Nf6 2. b3 d5 3. Bb2 e6 4. e3 Bd6 5. d4 c6 6. Bd3 Qc7 7. Nbd2 Nbd7 8. c4 e5 9. dxe5 Nxe5 10. Nxe5 Bxe5 11. Qc2 Be6 12. Rc1 Rd8 13. Bxe5 Qxe5 14. Nf3 Qd6 15. c5 Qe7 16. Nd4 Bc8 17. O-O O-O 18. b4 Ne4 19. a4 g6 20. Rb1 Bd7 21. Rb3 f5 22. Bxe4 dxe4 23. Rfb1 Be6 24. Rc3 Bd5 25. g3 g5 26. Qe2 g4 27. Qb2 h5 28. Rd1 h4 29. Rc2 Kh7 30. Rcd2 Kg6 31. Qc3 Rh8 32. Ne2 Kf7 33. Nf4 Be6 34. Qe5 Rxd2 35. Rxd2 Rh6 36. Rd6 h3 37. Nxe6 Rxe6 38. Qxf5+ Qf6 39. Rd7+ Re7 40. Rxe7+ Kxe7 41. Qxe4+ Kf8 42. Qf4 Kf7 43. Qxf6+ Kxf6 44. f4 gxf3 45. Kf2 Ke5 46. Kxf3 a5 47. bxa5 Kd5 48. g4 Kxc5 49. Ke4 Kd6 50. Kd4 c5+ 51. Kc4 Kc6 52. g5 Kd6 53. e4 Ke5 54. Kxc5 Kxe4 55. g6 Kf3 56. g7 Kg2 57. g8=Q+ Kxh2 58. Qg4 1-0

[Event "Montcalm op 2 2012-13"]
[Site "Quebec CAN"]
[Date "2012.10.11"]
[Round "1"]
[White "Bourassa, Andre"]
[Black "Lapierre, Gaetan"]
[Result "1-0"]
[WhiteElo "1784"]
[BlackElo "1823"]
[PlyCount "39"]
[GameId "2160767909411853"]
[EventDate "2012.10.11"]
[EventType "swiss"]
[EventRounds "5"]
[EventCountry "CAN"]
[SourceTitle "EXT 2022"]
[Source "ChessBase"]
[SourceDate "2021.10.06"]
[SourceVersion "1"]
[SourceVersionDate "2021.10.06"]
[SourceQuality "1"]

1. d4 Nf6 2. c4 d6 3. Nc3 g6 4. e4 Bg7 5. f4 O-O 6. Be2 e5 7. dxe5 dxe5 8. Qxd8 Rxd8 9. fxe5 Ng4 10. Nd5 Bxe5 11. Ne7+ Kf8 12. Nxc8 Nf6 13. Nf3 Nc6 14. Nxe5 Nxe5 15. Bg5 Raxc8 16. Bxf6 Re8 17. O-O-O Re6 18. Rhf1 Rce8 19. Bxe5 Rxe5 20. Bf3 1-0

[Event "Montcalm op 2 2012-13"]
[Site "Quebec CAN"]
[Date "2012.10.11"]
[Round "1"]
[White "Chabot, Sebastien"]
[Black "Ripoll, Arthur"]
[Result "0-1"]
[WhiteElo "1102"]
[BlackElo "1555"]
[PlyCount "94"]
[GameId "2160767909411854"]
[EventDate "2012.10.11"]
[EventType "swiss"]
[EventRounds "5"]
[EventCountry "CAN"]
[SourceTitle "EXT 2022"]
[Source "ChessBase"]
[SourceDate "2021.10.06"]
[SourceVersion "1"]
[SourceVersionDate "2021.10.06"]
[SourceQuality "1"]

1. d4 e5 2. e4 exd4 3. Nf3 c5 4. Bc4 Be7 5. Bf4 h6 6. e5 d6 7. Nbd2 Be6 8. Bxe6 fxe6 9. Qe2 d5 10. b3 Nc6 11. Qb5 Qd7 12. a4 a6 13. Qd3 Bd8 14. c4 Nge7 15. Nh4 O-O 16. Qg3 Kh7 17. Ndf3 Nf5 18. Qg6+ Kh8 19. Ng5 Bxg5 20. Bxg5 hxg5 21. Qh5+ Nh6 22. Ng6+ Kg8 23. Qxg5 dxc4 24. bxc4 Rf5 25. Ne7+ Qxe7 26. Qxe7 Nxe7 27. O-O Rxe5 28. f4 Re2 29. a5 Nc6 30. Rf3 Nf5 31. Kf1 Rc2 32. g4 Ne3+ 33. Kg1 Rf8 34. g5 e5 35. h4 Rxf4 36. Rxf4 exf4 37. Rb1 Nb4 38. h5 f3 39. h6 f2+ 40. Kh1 f1=Q+ 41. Rxf1 Nxf1 42. Kg1 Ne3 43. g6 gxh6 44. Kh1 Re2 45. Kg1 d3 46. g7 d2 47. Kh1 d1=R# 0-1

[Event "Montcalm op 2 2012-13"]
[Site "Quebec CAN"]
[Date "2012.10.18"]
[Round "2"]
[White "Bourassa, Andre"]
[Black "Sarra-Bournet, Marc"]
[Result "0-1"]
[WhiteElo "1784"]
[BlackElo "1808"]
[PlyCount "50"]
[GameId "2160767909411855"]
[EventDate "2012.10.11"]
[EventType "swiss"]
[EventRounds "5"]
[EventCountry "CAN"]
[SourceTitle "EXT 2022"]
[Source "ChessBase"]
[SourceDate "2021.10.06"]
[SourceVersion "1"]
[SourceVersionDate "2021.10.06"]
[SourceQuality "1"]

1. d4 d5 2. c4 e6 3. Nc3 Nf6 4. e3 Nbd7 5. Nf3 Be7 6. Bd3 O-O 7. O-O b6 8. cxd5 exd5 9. Bd2 Bb7 10. Rc1 Ne4 11. Ne5 Nxe5 12. dxe5 Nc5 13. Bb1 d4 14. Nb5 d3 15. f3 Qd7 16. Na3 Ba6 17. Rf2 Qd5 18. Bc3 Rfd8 19. Rd2 Ne6 20. Qa4 Bxa3 21. Qxa6 Bc5 22. Rxd3 Qxd3 23. Bxd3 Bxe3+ 24. Kf1 Bxc1 25. g3 Nc5 0-1

[Event "Montcalm op 2 2012-13"]
[Site "Quebec CAN"]
[Date "2012.10.18"]
[Round "2"]
[White "Lapierre, Gaetan"]
[Black "Boulianne, Gabriel"]
[Result "1-0"]
[WhiteElo "1823"]
[BlackElo "1758"]
[PlyCount "113"]
[GameId "2160767909411856"]
[EventDate "2012.10.11"]
[EventType "swiss"]
[EventRounds "5"]
[EventCountry "CAN"]
[SourceTitle "EXT 2022"]
[Source "ChessBase"]
[SourceDate "2021.10.06"]
[SourceVersion "1"]
[SourceVersionDate "2021.10.06"]
[SourceQuality "1"]

1. e4 c5 2. Nc3 Nc6 3. g3 Nf6 4. Bg2 e6 5. d3 Be7 6. f4 d5 7. e5 Nd7 8. Nf3 a6 9. O-O b5 10. Kh1 Bb7 11. h4 h6 12. h5 Rg8 13. f5 Ncxe5 14. fxe6 fxe6 15. Nxe5 Nxe5 16. Qe2 Bd6 17. Bf4 Qc7 18. Rae1 Rf8 19. Kg1 d4 20. Bxb7 Qxb7 21. Ne4 Bc7 22. Bxe5 Rxf1+ 23. Rxf1 Bxe5 24. Nxc5 Qd5 25. Nxe6 Qxe6 26. Re1 O-O-O 27. Qxe5 Qxe5 28. Rxe5 Rd7 29. Kg2 Rc7 30. Re2 Rf7 31. Rf2 Re7 32. Kf3 Re3+ 33. Kf4 Re6 34. g4 Kc7 35. a3 Kb6 36. Rd2 Kc5 37. c3 a5 38. Kf5 Re7 39. Kg6 b4 40. axb4+ axb4 41. c4 b3 42. Rf2 Re3 43. Rf5+ Kd6 44. Rd5+ Ke6 45. Rxd4 Ke5 46. Re4+ Rxe4 47. dxe4 Kxe4 48. c5 Kd5 49. c6 Kxc6 50. Kxg7 Kd5 51. Kxh6 Kd4 52. g5 Kd3 53. g6 Kc2 54. g7 Kxb2 55. g8=Q Ka2 56. Kg5 Ka3 57. Qxb3+ 1-0

[Event "Montcalm op 2 2012-13"]
[Site "Quebec CAN"]
[Date "2012.10.18"]
[Round "2"]
[White "Ripoll, Arthur"]
[Black "Le Huu, Pascal"]
[Result "1-0"]
[WhiteElo "1555"]
[BlackElo "1223"]
[PlyCount "119"]
[GameId "2160767909411857"]
[EventDate "2012.10.11"]
[EventType "swiss"]
[EventRounds "5"]
[EventCountry "CAN"]
[SourceTitle "EXT 2022"]
[Source "ChessBase"]
[SourceDate "2021.10.06"]
[SourceVersion "1"]
[SourceVersionDate "2021.10.06"]
[SourceQuality "1"]

1. e4 e5 2. Nf3 Nf6 3. Nc3 Bb4 4. Nxe5 Bxc3 5. dxc3 d6 6. Nc4 Nxe4 7. Bd3 d5 8. Bxe4 dxe4 9. Qxd8+ Kxd8 10. Bg5+ f6 11. O-O-O+ Ke7 12. Bf4 Na6 13. Rhe1 Bf5 14. f3 e3 15. Nxe3 Be6 16. Nd5+ Kf7 17. Nxc7 Nxc7 18. Bxc7 a5 19. Rd6 Rhe8 20. Rb6 a4 21. Rxb7 Kg6 22. Rb6 Bxa2 23. Rxe8 Rxe8 24. b3 Re2 25. bxa4 Rxg2 26. Bg3 Bd5 27. f4 Be4 28. Rb2 h5 29. a5 Kf5 30. a6 h4 31. Bxh4 Kxf4 32. Bg3+ Ke3 33. Ra2 f5 34. a7 Ba8 35. Ra4 g5 36. Ra5 Rg1+ 37. Kb2 f4 38. Rxg5 fxg3 39. hxg3 Kf3 40. Rg8 Bd5 41. a8=Q Bxa8 42. Rxa8 Rxg3 43. c4 Ke4 44. Rd8 Ke5 45. c3 Rg7 46. Rd5+ Ke6 47. Kb3 Rb7+ 48. Rb5 Rc7 49. Kb4 Kd6 50. c5+ Kd5 51. c4+ Kc6 52. Rb6+ Kd7 53. Kb5 Kc8 54. Rc6 Kb7 55. Rxc7+ Kxc7 56. c6 Kc8 57. Kb6 Kb8 58. c7+ Kc8 59. c5 Kd7 60. Kb7 1-0

[Event "Montcalm op 2 2012-13"]
[Site "Quebec CAN"]
[Date "2012.10.25"]
[Round "3"]
[White "Bluteau, Yvon"]
[Black "Bourassa, Andre"]
[Result "1-0"]
[WhiteElo "1809"]
[BlackElo "1784"]
[PlyCount "91"]
[GameId "2160767909411858"]
[EventDate "2012.10.11"]
[EventType "swiss"]
[EventRounds "5"]
[EventCountry "CAN"]
[SourceTitle "EXT 2022"]
[Source "ChessBase"]
[SourceDate "2021.10.06"]
[SourceVersion "1"]
[SourceVersionDate "2021.10.06"]
[SourceQuality "1"]

1. Nf3 d5 2. e3 Nf6 3. b3 c5 4. Bb2 e6 5. d4 Bd6 6. Be2 O-O 7. O-O b6 8. Nc3 Nbd7 9. a4 a6 10. Qd2 Qc7 11. g3 Bb7 12. Rfd1 e5 13. dxe5 Bxe5 14. Nxe5 Qxe5 15. Bf3 Qf5 16. Bxd5 Nxd5 17. Nxd5 Qf3 18. c4 f6 19. Ra2 Rae8 20. Bc3 Re6 21. Qe2 Qxe2 22. Rxe2 Rd8 23. Red2 Bc8 24. Rd3 Kf7 25. Kg2 Bb7 26. g4 Rd6 27. Kg3 Nf8 28. h4 Ne6 29. f4 Nc7 30. e4 b5 31. e5 R6d7 32. exf6 g6 33. axb5 Nxd5 34. bxa6 Bxa6 35. Rxd5 Rxd5 36. Rxd5 Rxd5 37. cxd5 Bb7 38. d6 Ke6 39. f5+ gxf5 40. gxf5+ Kxd6 41. b4 Bd5 42. Kf4 h5 43. Kg5 Bf7 44. bxc5+ Kxc5 45. Kh6 Kd6 46. Kg7 1-0

[Event "Montcalm op 2 2012-13"]
[Site "Quebec CAN"]
[Date "2012.10.25"]
[Round "3"]
[White "Boulianne, Gabriel"]
[Black "Cummins, Paul"]
[Result "1-0"]
[WhiteElo "1758"]
[BlackElo "1777"]
[PlyCount "67"]
[GameId "2160767909411859"]
[EventDate "2012.10.11"]
[EventType "swiss"]
[EventRounds "5"]
[EventCountry "CAN"]
[SourceTitle "EXT 2022"]
[Source "ChessBase"]
[SourceDate "2021.10.06"]
[SourceVersion "1"]
[SourceVersionDate "2021.10.06"]
[SourceQuality "1"]

1. e4 c5 2. Nf3 d6 3. d4 cxd4 4. Nxd4 Nf6 5. Nc3 a6 6. Bg5 e6 7. f4 Be7 8. Qf3 Qc7 9. a4 Nbd7 10. Nb3 h6 11. Bh4 Nxe4 12. Bxe7 Nxc3 13. Bxd6 Qxd6 14. Qxc3 Qxf4 15. Qxg7 Qh4+ 16. Kd1 Rf8 17. Be2 Nb6 18. Qd4 Qxd4+ 19. Nxd4 Bd7 20. a5 Nc8 21. Bf3 Nd6 22. Re1 O-O-O 23. c3 Rfe8 24. b4 e5 25. Nb3 e4 26. Bh5 Nc4 27. Kc2 Re7 28. Rad1 Ba4 29. Rxd8+ Kxd8 30. Rd1+ Kc7 31. Re1 Rd7 32. Rxe4 Bxb3+ 33. Kc1 Rd1+ 34. Bxd1 1-0

[Event "Montcalm op 2 2012-13"]
[Site "Quebec CAN"]
[Date "2012.10.25"]
[Round "3"]
[White "Dumont, Eric"]
[Black "Ripoll, Arthur"]
[Result "1-0"]
[WhiteElo "1703"]
[BlackElo "1555"]
[PlyCount "67"]
[GameId "2160767909411860"]
[EventDate "2012.10.11"]
[EventType "swiss"]
[EventRounds "5"]
[EventCountry "CAN"]
[SourceTitle "EXT 2022"]
[Source "ChessBase"]
[SourceDate "2021.10.06"]
[SourceVersion "1"]
[SourceVersionDate "2021.10.06"]
[SourceQuality "1"]

1. d4 d5 2. Nf3 Nf6 3. Bf4 e6 4. e3 Bd6 5. Ne5 Nfd7 6. Bd3 Nxe5 7. dxe5 Bc5 8. c3 Nc6 9. Qg4 g6 10. h4 Bd7 11. Nd2 Bf8 12. Nf3 Bg7 13. Qg3 Rf8 14. h5 Qe7 15. hxg6 hxg6 16. Bg5 f6 17. Bxg6+ Kd8 18. exf6 Bxf6 19. Rh7 Bxg5 20. Rxe7 Bxe7 21. O-O-O Bd6 22. Qh4+ Ne7 23. c4 c6 24. Nd4 Kc7 25. Bd3 Rh8 26. Qg4 Rag8 27. Qe2 Rxg2 28. cxd5 exd5 29. Qc2 Bg3 30. Qc5 Bd6 31. Nb5+ Kb8 32. Qxd6+ Ka8 33. Nc7+ Kb8 34. Na6+ 1-0

[Event "Montcalm op 2 2012-13"]
[Site "Quebec CAN"]
[Date "2012.11.01"]
[Round "4"]
[White "Bourassa, Andre"]
[Black "Boulianne, Gabriel"]
[Result "1/2-1/2"]
[WhiteElo "1784"]
[BlackElo "1758"]
[PlyCount "49"]
[GameId "2160767909411861"]
[EventDate "2012.10.11"]
[EventType "swiss"]
[EventRounds "5"]
[EventCountry "CAN"]
[SourceTitle "EXT 2022"]
[Source "ChessBase"]
[SourceDate "2021.10.06"]
[SourceVersion "1"]
[SourceVersionDate "2021.10.06"]
[SourceQuality "1"]

1. d4 Nf6 2. c4 e6 3. Nf3 b6 4. Nc3 Bb7 5. e3 Ne4 6. Nxe4 Bxe4 7. Nd2 Bb4 8. Qg4 Bg6 9. a3 Bxd2+ 10. Bxd2 d5 11. Rc1 c6 12. Be2 O-O 13. O-O dxc4 14. Bxc4 e5 15. Bc3 exd4 16. exd4 Nd7 17. Rfe1 Nf6 18. Qf3 Nd5 19. Bd2 Qd7 20. Re5 Nf6 21. Bc3 Rfe8 22. Rce1 Rxe5 23. Rxe5 Re8 24. Qe3 h6 25. Rxe8+ 1/2-1/2

[Event "Montcalm op 2 2012-13"]
[Site "Quebec CAN"]
[Date "2012.11.01"]
[Round "4"]
[White "Ripoll, Arthur"]
[Black "Martin, Jerome"]
[Result "1-0"]
[WhiteElo "1555"]
[BlackElo "1328"]
[PlyCount "55"]
[GameId "2160767909411862"]
[EventDate "2012.10.11"]
[EventType "swiss"]
[EventRounds "5"]
[EventCountry "CAN"]
[SourceTitle "EXT 2022"]
[Source "ChessBase"]
[SourceDate "2021.10.06"]
[SourceVersion "1"]
[SourceVersionDate "2021.10.06"]
[SourceQuality "1"]

1. e4 c5 2. Nf3 Nf6 3. Nc3 d6 4. d4 Nc6 5. dxc5 dxc5 6. Qxd8+ Nxd8 7. e5 Ng4 8. h3 Nh6 9. Be3 e6 10. Nb5 Rb8 11. Nxa7 Bd7 12. Nb5 Be7 13. O-O-O f5 14. Nc7+ Kf8 15. Rxd7 b6 16. Bc4 Kf7 17. Ng5+ Kf8 18. Ngxe6+ Kf7 19. Nxd8+ Kf8 20. Nde6+ Kf7 21. Bg5 Ng8 22. Rhd1 h6 23. Bxe7 Nxe7 24. Nxg7+ Kxg7 25. Rxe7+ Kg6 26. Rd6+ Kg5 27. g3 h5 28. Rg7# 1-0

[Event "Montcalm op 2 2012-13"]
[Site "Quebec CAN"]
[Date "2012.11.08"]
[Round "5"]
[White "Boulianne, Gabriel"]
[Black "Sarra-Bournet, Marc"]
[Result "1-0"]
[WhiteElo "1758"]
[BlackElo "1808"]
[PlyCount "99"]
[GameId "2160767909411863"]
[EventDate "2012.10.11"]
[EventType "swiss"]
[EventRounds "5"]
[EventCountry "CAN"]
[SourceTitle "EXT 2022"]
[Source "ChessBase"]
[SourceDate "2021.10.06"]
[SourceVersion "1"]
[SourceVersionDate "2021.10.06"]
[SourceQuality "1"]

1. e4 e5 2. Nf3 Nc6 3. Bb5 a6 4. Ba4 Nf6 5. O-O b5 6. Bb3 d6 7. Ng5 d5 8. exd5 Nd4 9. Re1 Bd6 10. f4 Bg4 11. Nf3 e4 12. d3 Bc5 13. Kh1 O-O 14. dxe4 Re8 15. Qd3 Nxb3 16. axb3 Bxf3 17. Qxf3 Nxd5 18. Rd1 c6 19. exd5 cxd5 20. Bd2 Re4 21. Nc3 Rd4 22. Be3 Rxd1+ 23. Rxd1 Rc8 24. Bxc5 Rxc5 25. Rxd5 Qe8 26. Qe4 Rc8 27. Qxe8+ Rxe8 28. Re5 Rd8 29. g3 Kf8 30. Re2 h5 31. Kg2 g6 32. Kf3 f5 33. h4 Kf7 34. Kf2 Rd6 35. Ke1 b4 36. Na2 a5 37. Re5 Ra6 38. Kd2 Rd6+ 39. Ke2 Rc6 40. c4 bxc3 41. bxc3 Ra6 42. Kd3 a4 43. b4 Rd6+ 44. Kc2 Kf6 45. c4 Rd4 46. c5 a3 47. Kc3 Rd1 48. c6 Rd8 49. b5 Rc8 50. Kb3 1-0

[Event "Montcalm op 2 2012-13"]
[Site "Quebec CAN"]
[Date "2012.11.08"]
[Round "5"]
[White "Cummins, Paul"]
[Black "Bourassa, Andre"]
[Result "1-0"]
[WhiteElo "1777"]
[BlackElo "1784"]
[PlyCount "41"]
[GameId "2160767909411864"]
[EventDate "2012.10.11"]
[EventType "swiss"]
[EventRounds "5"]
[EventCountry "CAN"]
[SourceTitle "EXT 2022"]
[Source "ChessBase"]
[SourceDate "2021.10.06"]
[SourceVersion "1"]
[SourceVersionDate "2021.10.06"]
[SourceQuality "1"]

1. e4 c5 2. Nf3 d6 3. d4 cxd4 4. Nxd4 Nf6 5. Nc3 e5 6. Nb3 Be6 7. Be2 Nc6 8. Be3 Be7 9. O-O O-O 10. f4 exf4 11. Bxf4 Ne5 12. h3 Qb6+ 13. Qd4 Qxd4+ 14. Nxd4 Bc4 15. Nf5 Rfe8 16. Bxe5 Bxe2 17. Nxe7+ Rxe7 18. Bxf6 Bxf1 19. Bxe7 Bc4 20. Bxd6 f6 21. Bf4 1-0

[Event "Montcalm op 2 2012-13"]
[Site "Quebec CAN"]
[Date "2012.11.08"]
[Round "5"]
[White "Ripoll, Arthur"]
[Black "Couture, Jean-Sebastien"]
[Result "1-0"]
[WhiteElo "1555"]
[BlackElo "1431"]
[PlyCount "73"]
[GameId "2160767909411865"]
[EventDate "2012.10.11"]
[EventType "swiss"]
[EventRounds "5"]
[EventCountry "CAN"]
[SourceTitle "EXT 2022"]
[Source "ChessBase"]
[SourceDate "2021.10.06"]
[SourceVersion "1"]
[SourceVersionDate "2021.10.06"]
[SourceQuality "1"]

1. e4 d5 2. exd5 Qxd5 3. Nc3 Qd6 4. d4 Nf6 5. Nf3 a6 6. Bc4 b5 7. Bb3 Bb7 8. h3 e6 9. O-O Be7 10. Re1 O-O 11. Ne5 Nbd7 12. Bf4 Qb6 13. Qd3 c5 14. dxc5 Nxc5 15. Qe3 Rfe8 16. Rad1 Rad8 17. a3 Ncd7 18. Nxd7 Nxd7 19. Qxb6 Nxb6 20. Rxd8 Bxd8 21. Rd1 Bf6 22. Rd6 Nc4 23. Bxc4 bxc4 24. Rb6 Re7 25. Na4 e5 26. Be3 Rd7 27. Nc5 Rd1+ 28. Kh2 Bc8 29. Nxa6 Bf5 30. c3 h6 31. Nc5 Be7 32. a4 Re1 33. Nb7 Ra1 34. a5 Be4 35. a6 Rxa6 36. Rxa6 Bxb7 37. Ra7 1-0

[Event "Montcalm op 3 2012-13"]
[Site "Quebec CAN"]
[Date "2012.11.15"]
[Round "1"]
[White "Gauthier, Jean Claude"]
[Black "Bourassa, Andre"]
[Result "0-1"]
[WhiteElo "1102"]
[BlackElo "1754"]
[PlyCount "83"]
[GameId "2160767909411451"]
[EventDate "2012.11.15"]
[EventType "swiss"]
[EventRounds "5"]
[EventCountry "CAN"]
[SourceTitle "EXT 2022"]
[Source "ChessBase"]
[SourceDate "2021.10.06"]
[SourceVersion "1"]
[SourceVersionDate "2021.10.06"]
[SourceQuality "1"]

1. e4 c5 2. Nf3 d6 3. d4 cxd4 4. Nxd4 Nf6 5. Nc3 a6 6. Be2 e5 7. Nf3 b5 8. a3 Nbd7 9. b4 Bb7 10. Bd3 Rc8 11. Bb2 Nb6 12. Qe2 Nc4 13. Bxc4 Rxc4 14. Nd2 Rc8 15. O-O-O g6 16. Nf3 Bh6+ 17. Kb1 O-O 18. Rhe1 Rc6 19. Nxe5 Rxc3 20. Bxc3 Qc7 21. Nxg6 fxg6 22. Bxf6 Rxf6 23. f3 Bg7 24. Rd3 Re6 25. Qe3 d5 26. Qc5 Qe5 27. c3 dxe4 28. Rd8+ Kf7 29. Qxe5 Bxe5 30. Rd7+ Re7 31. Rxe7+ Kxe7 32. Kc2 h5 33. fxe4 Bxh2 34. Kd3 Ke6 35. Re3 h4 36. Rf3 Bc8 37. c4 g5 38. c5 g4 39. Rf2 g3 40. Rf1 h3 41. Rg1 hxg2 42. Rxg2 0-1

[Event "Montcalm op 3 2012-13"]
[Site "Quebec CAN"]
[Date "2012.11.15"]
[Round "1"]
[White "Hines, Jason"]
[Black "Boulianne, Gabriel"]
[Result "1-0"]
[WhiteElo "1231"]
[BlackElo "1768"]
[PlyCount "67"]
[GameId "2160767909411452"]
[EventDate "2012.11.15"]
[EventType "swiss"]
[EventRounds "5"]
[EventCountry "CAN"]
[SourceTitle "EXT 2022"]
[Source "ChessBase"]
[SourceDate "2021.10.06"]
[SourceVersion "1"]
[SourceVersionDate "2021.10.06"]
[SourceQuality "1"]

1. c4 e5 2. e3 Nc6 3. d4 exd4 4. exd4 d5 5. Nc3 dxc4 6. Nf3 Bg4 7. d5 Qe7+ 8. Be3 O-O-O 9. Qa4 Bxf3 10. gxf3 Ne5 11. Qxa7 Rd6 12. Qa8+ Kd7 13. Bh3+ Re6 14. dxe6+ fxe6 15. O-O-O+ Nd3+ 16. Kb1 Qb4 17. Qa4+ Kd8 18. Qxb4 Bxb4 19. Bxe6 Bxc3 20. bxc3 b5 21. Bxg8 Rxg8 22. Rhg1 Kc8 23. f4 g6 24. h4 Rf8 25. Rg4 Kb7 26. a3 Ka6 27. Kc2 Ka5 28. Ra1 h5 29. Rxg6 Nxf4 30. Rc6 Nd5 31. Bd4 Rf3 32. Rc5 Nf6 33. Rxc7 b4 34. axb4+ 1-0

[Event "Montcalm op 3 2012-13"]
[Site "Quebec CAN"]
[Date "2012.11.22"]
[Round "2"]
[White "Boulianne, Gabriel"]
[Black "Martin, Jerome"]
[Result "1-0"]
[WhiteElo "1768"]
[BlackElo "1328"]
[PlyCount "65"]
[GameId "2160767909411453"]
[EventDate "2012.11.15"]
[EventType "swiss"]
[EventRounds "5"]
[EventCountry "CAN"]
[SourceTitle "EXT 2022"]
[Source "ChessBase"]
[SourceDate "2021.10.06"]
[SourceVersion "1"]
[SourceVersionDate "2021.10.06"]
[SourceQuality "1"]

1. e4 e5 2. Nf3 Nf6 3. Bc4 Bc5 4. d4 Bxd4 5. Nxd4 exd4 6. e5 Qe7 7. O-O Ne4 8. Qf3 Ng5 9. Bxg5 Qxg5 10. Qxf7+ Kd8 11. f4 Qe7 12. Nd2 Qxf7 13. Bxf7 Rf8 14. Bh5 g6 15. Bg4 Nc6 16. Nb3 d6 17. Bxc8 Rxc8 18. exd6 cxd6 19. Rad1 a5 20. Rf2 Re8 21. g3 Re4 22. Nd2 Re3 23. Nc4 Re6 24. f5 Rf6 25. Nb6 Rb8 26. g4 h5 27. Nd5 Rf8 28. fxg6 Rxf2 29. Kxf2 Ne5 30. gxh5 Kd7 31. Rxd4 Rf8+ 32. Ke2 Rg8 33. Nf6+ 1-0